[Event "V Festival Costa Viola A"]
[Site "Palmi ITA"]
[Date "2012.01.02"]
[Round "1"]
[White "Blasco, Domenico"]
[Black "Stromboli, Carlo"]
[Result "0-1"]
[WhiteElo "1938"]
[BlackElo "2336"]
[PlyCount "102"]
[EventDate "2012.01.02"]

1. d4 Nf6 2. Nf3 e6 3. e3 b6 4. Nbd2 Bb7 5. Bd3 c5 6. O-O Be7 7. Qe2 O-O 8. Re1
d6 9. c3 a6 10. e4 Re8 11. Nf1 Nbd7 12. Ng3 b5 13. Bd2 Qb6 14. a4 bxa4 15. Rxa4
Bc6 16. Ra2 Reb8 17. Rea1 a5 18. Bc1 Nf8 19. dxc5 dxc5 20. Ne5 a4 21. Nxc6 Qxc6
22. Bg5 e5 23. Nf5 Bd8 24. f3 Ra7 25. Be3 Rab7 26. Bc4 Ne6 27. Qd2 Rd7 28. Qc2
Ra7 29. Qd2 g6 30. Ng3 Be7 31. Qc2 Rba8 32. Rd1 Nc7 33. Rda1 Nd7 34. Qd2 Nb6
35. Be2 Ne6 36. Qd3 c4 37. Qc2 Nc5 38. f4 f6 39. fxe5 fxe5 40. Bxc5 Bxc5+ 41.
Kh1 Rf7 42. Bf3 Rf4 43. Rd1 Qf6 44. Qe2 Rh4 45. Nf1 Rf4 46. Ne3 Rh4 47. Raa1
Qg5 48. Re1 Rf8 49. Rad1 Rff4 50. g3 Qxg3 51. Rf1 Bxe3 0-1

[Event "V Festival Costa Viola A"]
[Site "Palmi ITA"]
[Date "2012.01.02"]
[Round "1"]
[White "Cangiano, Federico"]
[Black "Pomaro, Alberto"]
[Result "0-1"]
[WhiteElo "1963"]
[BlackElo "2369"]
[PlyCount "74"]
[EventDate "2012.01.02"]

1. d4 d5 2. Nf3 c6 3. e3 Nf6 4. Bd3 e6 5. Nbd2 Be7 6. b3 Nbd7 7. Bb2 O-O 8. O-O
b6 9. Ne5 Nxe5 10. dxe5 Nd7 11. e4 Nc5 12. exd5 Nxd3 13. cxd3 Qxd5 14. d4 Bb7
15. Qf3 Rad8 16. Qg3 c5 17. Nf3 c4 18. bxc4 Qxc4 19. Bc1 Rfe8 20. Bh6 Bf8 21.
Rfc1 Qd5 22. h4 Rc8 23. h5 Kh8 24. Bg5 h6 25. Be3 Qe4 26. Nd2 Qf5 27. Qh4 Rxc1+
28. Rxc1 Be7 29. Qh2 Rc8 30. Nc4 Qd3 31. Qf4 Kg8 32. Nd6 Rxc1+ 33. Bxc1 Qd1+
34. Kh2 Qxh5+ 35. Kg1 Bg5 36. Qg3 Qd1+ 37. Kh2 Qxc1 0-1

[Event "V Festival Costa Viola A"]
[Site "Palmi ITA"]
[Date "2012.01.02"]
[Round "1"]
[White "Caprio, Guido"]
[Black "Pierandrei, Cristiano"]
[Result "1-0"]
[WhiteElo "2353"]
[BlackElo "1960"]
[PlyCount "109"]
[EventDate "2012.01.02"]

1. e4 c5 2. Nf3 e6 3. d4 cxd4 4. Nxd4 Nf6 5. Nc3 d6 6. g4 Nc6 7. g5 Nd7 8. Be3
a6 9. Rg1 Qc7 10. h4 b5 11. h5 Nxd4 12. Qxd4 b4 13. Qxb4 Rb8 14. Qc4 Qxc4 15.
Bxc4 Ne5 16. Be2 Rxb2 17. Kd2 Be7 18. Rab1 Rxb1 19. Rxb1 Nd7 20. f4 O-O 21. Na4
Bd8 22. Nb6 Nxb6 23. Bxb6 Be7 24. Bc7 e5 25. Ke3 exf4+ 26. Kxf4 Be6 27. a4 f6
28. g6 f5 29. e5 dxe5+ 30. Kxe5 Bd7 31. Bc4+ Kh8 32. a5 Bc8 33. Bf7 Bh4 34. Kd6
f4 35. Rf1 Bg4 36. Rxf4 Bg3 37. Ke7 Bxf4 38. Bxf4 Ra8 39. h6 Ra7+ 40. Kf8 Ra8+
41. Be8 Rxe8+ 42. Kxe8 gxh6 43. c4 h5 44. Be5+ Kg8 45. g7 h4 46. c5 h3 47. c6
h2 48. Bxh2 Kxg7 49. c7 Kf6 50. Kd8 h5 51. c8=Q Bxc8 52. Kxc8 Ke6 53. Kb7 Kd7
54. Kxa6 Kc6 55. Ka7 1-0

[Event "V Festival Costa Viola A"]
[Site "Palmi ITA"]
[Date "2012.01.02"]
[Round "1"]
[White "Carlomagno, Vincenzo"]
[Black "Stella, Andrea"]
[Result "0-1"]
[WhiteElo "1970"]
[BlackElo "2442"]
[PlyCount "58"]
[EventDate "2012.01.02"]

1. e4 c5 2. Nf3 d6 3. d4 cxd4 4. Nxd4 Nf6 5. Nc3 a6 6. Bg5 Nbd7 7. f4 Qc7 8.
Qf3 h6 9. Bh4 g5 10. fxg5 hxg5 11. Bxg5 Qc5 12. Be3 Ne5 13. Qd1 Neg4 14. Bg1
Qe5 15. Nb3 Qg5 16. Nd5 Nxd5 17. Qxd5 Qf4 18. Qd3 Nxh2 19. Bxh2 Rxh2 20. Rxh2
Qxh2 21. O-O-O Bg7 22. Nd4 Qe5 23. c3 Bd7 24. Kb1 Bf6 25. Nf3 Qc5 26. Be2 O-O-O
27. Nd4 Kb8 28. Nb3 Qe5 29. Qc4 Bb5 0-1

[Event "V Festival Costa Viola A"]
[Site "Palmi ITA"]
[Date "2012.01.02"]
[Round "1"]
[White "Collutiis, Duilio"]
[Black "Pinton, Maurizio"]
[Result "1-0"]
[WhiteElo "2477"]
[BlackElo "2008"]
[PlyCount "43"]
[EventDate "2012.01.02"]

1. g3 f5 2. Bg2 e6 3. c4 Nf6 4. Nf3 Be7 5. O-O O-O 6. Nc3 d6 7. d3 c6 8. Rb1 e5
9. b4 Qe8 10. e3 Qh5 11. Nd2 Qh6 12. Re1 g5 13. f4 Bd8 14. Nf3 gxf4 15. exf4
Bb6+ 16. c5 dxc5 17. Na4 e4 18. Ng5 Na6 19. Nxb6 axb6 20. Qb3+ Nd5 21. dxe4
fxe4 22. Bxe4 1-0

[Event "V Festival Costa Viola A"]
[Site "Palmi ITA"]
[Date "2012.01.02"]
[Round "1"]
[White "Damia, Angelo"]
[Black "Buda, Elvin"]
[Result "1-0"]
[WhiteElo "2303"]
[BlackElo "1917"]
[PlyCount "47"]
[EventDate "2012.01.02"]

1. e4 d5 2. exd5 Nf6 3. d4 Bg4 4. Nf3 Qxd5 5. Nc3 Qh5 6. Bf4 Bxf3 7. Qxf3 Qxf3
8. gxf3 c6 9. O-O-O Nd5 10. Nxd5 cxd5 11. c4 dxc4 12. Bxc4 Nd7 13. Kb1 g6 14.
Bd5 e5 15. dxe5 Bg7 16. Bxf7+ Ke7 17. Bg5+ Kxf7 18. Rxd7+ Kf8 19. f4 h6 20.
Be7+ Ke8 21. Rxb7 Bf8 22. Bf6 Rg8 23. Rc1 g5 24. Rc6 1-0

[Event "V Festival Costa Viola A"]
[Site "Palmi ITA"]
[Date "2012.01.02"]
[Round "1"]
[White "Drasko, Milan"]
[Black "Carbone, Stefano"]
[Result "1-0"]
[WhiteElo "2459"]
[BlackElo "1985"]
[PlyCount "89"]
[EventDate "2012.01.02"]

1. Nf3 Nf6 2. g3 g6 3. Bg2 Bg7 4. d4 c6 5. c4 d5 6. b3 O-O 7. O-O Ne4 8. e3 b6
9. Bb2 Bb7 10. Nbd2 Nxd2 11. Qxd2 Nd7 12. Rfc1 Rc8 13. a4 c5 14. dxc5 Bxb2 15.
Qxb2 dxc4 16. b4 bxc5 17. b5 Qa5 18. Nd2 Bxg2 19. Nxc4 Qc7 20. Kxg2 Rfd8 21. a5
Qb7+ 22. f3 a6 23. b6 Nb8 24. Qe5 Qd5 25. Qxd5 Rxd5 26. Rd1 Rcd8 27. Rxd5 Rxd5
28. Rc1 Rd8 29. Kf2 Kf8 30. h4 Ke8 31. Ke2 Nc6 32. g4 Rd7 33. g5 f6 34. f4 Rd8
35. Rc3 Rd7 36. Rc2 Rd8 37. Rc1 Rd7 38. Rh1 Kf7 39. Rb1 Rb7 40. gxf6 Kxf6 41.
Kf3 Rb8 42. Ke4 Ke6 43. Rg1 Rf8 44. h5 gxh5 45. Rg5 1-0

[Event "V Festival Costa Viola A"]
[Site "Palmi ITA"]
[Date "2012.01.02"]
[Round "1"]
[White "Epishin, Vladimir V."]
[Black "Cordi', Domenico"]
[Result "1-0"]
[WhiteElo "2561"]
[BlackElo "2059"]
[PlyCount "57"]
[EventDate "2012.01.02"]

1. d4 Nf6 2. c4 g6 3. Nc3 Bg7 4. Nf3 O-O 5. Bg5 h6 6. Bh4 c5 7. e3 d6 8. h3 Bf5
9. Bd3 Bxd3 10. Qxd3 Nbd7 11. O-O a6 12. Rfd1 Qc7 13. Rac1 Rab8 14. dxc5 Nxc5
15. Qb1 Qd7 16. e4 g5 17. Bg3 g4 18. hxg4 Qxg4 19. e5 dxe5 20. Nxe5 Qh5 21. b4
Ne6 22. c5 Rfe8 23. Ne4 Rbd8 24. Nxf6+ exf6 25. Nf3 f5 26. Rxd8 Rxd8 27. Bd6
Qg4 28. Re1 h5 29. Qb3 1-0

[Event "V Festival Costa Viola A"]
[Site "Palmi ITA"]
[Date "2012.01.02"]
[Round "1"]
[White "Gangemi, Salvatore"]
[Black "Marzaduri, Marco R."]
[Result "1-0"]
[WhiteElo "2085"]
[BlackElo "1848"]
[PlyCount "91"]
[EventDate "2012.01.02"]

1. c4 c5 2. Nf3 Nc6 3. d4 cxd4 4. Nxd4 e6 5. Nc3 a6 6. a3 Nf6 7. e4 d6 8. Be2
Be7 9. O-O Bd7 10. Be3 Rc8 11. Rc1 O-O 12. g4 Nxd4 13. Bxd4 Bc6 14. Qd3 Nd7 15.
b4 Bf6 16. b5 Ne5 17. Bxe5 Bxe5 18. bxc6 Rxc6 19. f4 Bf6 20. Kg2 Qc7 21. Nd1 b5
22. Ne3 Rc8 23. Rc2 bxc4 24. Rxc4 Qb6 25. Rxc6 Qxc6 26. Rb1 g6 27. Nc4 d5 28.
exd5 exd5 29. Ne5 Qe6 30. Qxa6 Rc2 31. Qxe6 fxe6 32. Kf1 g5 33. Rb8+ Kg7 34.
Rb7+ Kg8 35. Nd7 Bb2 36. fxg5 Bxa3 37. Nf6+ Kf8 38. Nxh7+ Ke8 39. g6 Bb2 40. g7
Bxg7 41. Rxg7 d4 42. Rb7 d3 43. Bxd3 Rxh2 44. g5 Rd2 45. Be2 Rd4 46. g6 1-0

[Event "V Festival Costa Viola A"]
[Site "Palmi ITA"]
[Date "2012.01.02"]
[Round "1"]
[White "Giuliano, Vincenzo"]
[Black "Stromboli, Ettore"]
[Result "0-1"]
[WhiteElo "1891"]
[BlackElo "2302"]
[PlyCount "74"]
[EventDate "2012.01.02"]

1. d4 Nf6 2. c4 e6 3. Nc3 Bb4 4. a3 Bxc3+ 5. bxc3 Ne4 6. Qc2 f5 7. Nf3 b6 8. g3
O-O 9. Bg2 Nc6 10. d5 Na5 11. dxe6 dxe6 12. Nd4 Qf6 13. O-O Bb7 14. f3 Nc5 15.
Qa2 Ba6 16. Nb5 c6 17. a4 cxb5 18. cxb5 Bb7 19. Bb2 Qe5 20. Rfe1 Bd5 21. Qb1
Qe3+ 22. Kh1 Nc4 23. Qc2 Nxb2 24. Qxb2 Rac8 25. Red1 Nb3 26. Rd3 Qc5 27. Rad1
Na5 28. Qc1 Nc4 29. e4 fxe4 30. fxe4 Ba8 31. Re1 Rcd8 32. Rxd8 Rxd8 33. Bh3 Qe5
34. Qc2 Rd2 35. Qb1 Nd6 36. Bg2 Rxg2 37. Kxg2 Bxe4+ 0-1

[Event "V Festival Costa Viola A"]
[Site "Palmi ITA"]
[Date "2012.01.02"]
[Round "1"]
[White "Gregori, Giacomo"]
[Black "Petkov, Vladimir"]
[Result "0-1"]
[WhiteElo "2023"]
[BlackElo "2519"]
[PlyCount "74"]
[EventDate "2012.01.02"]

1. c4 e5 2. g3 Nf6 3. Bg2 c6 4. d4 exd4 5. Qxd4 d5 6. Nf3 dxc4 7. Qxc4 Be6 8.
Qa4 Na6 9. Nc3 Nd5 10. Nxd5 Bxd5 11. O-O Be7 12. Be3 O-O 13. Nd4 Nb4 14. Bxd5
Nxd5 15. Nf5 Bf6 16. Bc5 Re8 17. e4 Bxb2 18. Rab1 Nb6 19. Qb3 Be5 20. f4 Bc7
21. Rbd1 Qf6 22. Bd4 Qe6 23. Qf3 Qxe4 24. Qg4 g6 25. Nh6+ Kf8 26. Qh3 Red8 27.
Bc5+ Kg7 28. Nxf7 Rxd1 29. Rxd1 h5 30. Ng5 Qc4 31. Ne6+ Kg8 32. Bf2 Nd5 33. f5
Qc2 34. Rxd5 cxd5 35. Nd4 Qb1+ 36. Kg2 Qe4+ 37. Kg1 Bb6 0-1

[Event "V Festival Costa Viola A"]
[Site "Palmi ITA"]
[Date "2012.01.02"]
[Round "1"]
[White "Pierandrei, Danilo"]
[Black "Valguarnera, Girolamo"]
[Result "0-1"]
[WhiteElo "1888"]
[BlackElo "2139"]
[PlyCount "62"]
[EventDate "2012.01.02"]

1. e4 c5 2. Nc3 Nc6 3. g3 e6 4. Bg2 g6 5. d3 Bg7 6. Be3 d6 7. Nge2 Nge7 8. O-O
O-O 9. Qd2 Nd4 10. Nd1 Rb8 11. c3 Nxe2+ 12. Qxe2 b5 13. Qd2 b4 14. d4 bxc3 15.
bxc3 cxd4 16. cxd4 d5 17. exd5 Nxd5 18. Nc3 Nxe3 19. fxe3 Qa5 20. Rab1 Ba6 21.
Rxb8 Rxb8 22. Rb1 Rc8 23. Rc1 h5 24. Bf1 Bxf1 25. Ne4 Rxc1 26. Qxa5 Bd3+ 27.
Kf2 Bxe4 28. Qxa7 Rc2+ 29. Ke1 Rxh2 30. Qb8+ Kh7 31. Qf4 f5 0-1

[Event "V Festival Costa Viola A"]
[Site "Palmi ITA"]
[Date "2012.01.02"]
[Round "1"]
[White "Santagati, Alessandro"]
[Black "Cafaro, Luca"]
[Result "1/2-1/2"]
[WhiteElo "2239"]
[BlackElo "1890"]
[PlyCount "128"]
[EventDate "2012.01.02"]

1. e4 e5 2. d4 exd4 3. Nf3 Nc6 4. c3 d5 5. exd5 Qxd5 6. cxd4 Bg4 7. Be2 Bb4+ 8.
Nc3 Bxf3 9. Bxf3 Qc4 10. Qb3 Qxb3 11. axb3 Nxd4 12. Bxb7 Nc2+ 13. Kd1 Nxa1 14.
Bxa8 Nxb3 15. Bf4 Ne7 16. Bxc7 O-O 17. Bb7 Na5 18. Ba6 Nac6 19. Re1 h6 20. Bb7
a5 21. Re4 Bxc3 22. bxc3 Nd5 23. Rc4 Nxc7 24. Rxc6 Rd8+ 25. Kc2 Rd7 26. Rc5 Ne6
27. Rc8+ Kh7 28. Be4+ g6 29. Ra8 Nc5 30. Bf3 a4 31. Ra5 Rc7 32. Bd5 Kg7 33. c4
Kf6 34. Kc3 Ke7 35. Kb4 Kd6 36. h3 f6 37. Rb5 Nd3+ 38. Kxa4 Nxf2 39. Rb6+ Ke5
40. Re6+ Kf5 41. Re3 Nd1 42. Rf3+ Ke5 43. Kb5 Ra7 44. Rd3 Nb2 45. Re3+ Kd4 46.
Re4+ Kd3 47. Re6 Rc7 48. Rxf6 g5 49. Kb6 Rc8 50. Rxh6 Nxc4+ 51. Bxc4+ Rxc4 52.
Rf6 g4 53. hxg4 Rc2 54. g3 Ke4 55. Re6+ Kd5 56. Rf6 Rc3 57. Rf4 Ke5 58. Rf5+
Ke6 59. Rf4 Rxg3 60. Kc5 Ke5 61. Rc4 Kf6 62. Kd5 Kg5 63. Ke5 Rxg4 64. Rxg4+
Kxg4 1/2-1/2

[Event "V Festival Costa Viola A"]
[Site "Palmi ITA"]
[Date "2012.01.02"]
[Round "2"]
[White "Buda, Elvin"]
[Black "Pisacane, Pietro"]
[Result "0-1"]
[WhiteElo "1917"]
[BlackElo "2004"]
[PlyCount "66"]
[EventDate "2012.01.02"]

1. Nf3 Nf6 2. d4 g6 3. Bg5 Bg7 4. Nc3 d5 5. Qd2 h6 6. Bf4 c6 7. e3 Nbd7 8. Bd3
b5 9. a3 Bb7 10. O-O a6 11. b4 Nh5 12. Ne2 Nxf4 13. Nxf4 e5 14. Nxe5 Nxe5 15.
dxe5 Bxe5 16. Rae1 Qd6 17. g3 g5 18. Ne2 g4 19. f4 gxf3 20. Rxf3 Bc8 21. Nd4
Bg4 22. Rf2 h5 23. Nf5 Qc7 24. e4 O-O-O 25. Qe3 d4 26. Qg5 f6 27. Qd2 h4 28.
Nh6 hxg3 29. hxg3 Qg7 30. Nxg4 Qxg4 31. Rg2 Bxg3 32. Qe2 Qh4 33. Rh2 Bxh2+ 0-1

[Event "V Festival Costa Viola A"]
[Site "Palmi ITA"]
[Date "2012.01.02"]
[Round "2"]
[White "Cafaro, Luca"]
[Black "Rotunno, Giuseppe"]
[Result "1/2-1/2"]
[WhiteElo "1890"]
[BlackElo "2026"]
[PlyCount "177"]
[EventDate "2012.01.02"]

1. e4 d6 2. d4 e5 3. dxe5 dxe5 4. Qxd8+ Kxd8 5. Nf3 Nc6 6. Bb5 Bd6 7. O-O h6 8.
Be3 Nf6 9. Nc3 Be6 10. Rad1 Ke7 11. Nd5+ Bxd5 12. exd5 Nb4 13. c4 a6 14. Ba4 b5
15. Bb3 bxc4 16. Bxc4 a5 17. Rfe1 Nc2 18. Re2 Nxe3 19. Rxe3 Nd7 20. b3 Kd8 21.
Bb5 f6 22. Nh4 Rb8 23. Ba4 Rb6 24. Rc3 Nc5 25. Bc6 Ne4 26. Rc4 Rb4 27. f3 Nc5
28. g3 Nd7 29. Nf5 g6 30. Nxd6 cxd6 31. Bxd7 Rxc4 32. bxc4 Kxd7 33. Rb1 Kc7 34.
Rb5 Ra8 35. c5 dxc5 36. Rxc5+ Kb7 37. Kf2 a4 38. a3 Rc8 39. Rxc8 Kxc8 40. Ke3
f5 41. h3 Kd7 42. Kd3 Kd6 43. Kc4 g5 44. g4 f4 45. Kc3 Kxd5 46. Kd3 Kd6 47. Kd2
Kc6 48. Kc2 Kb6 49. Kd2 Ka6 50. Kc2 Ka5 51. Kd2 Kb5 52. Kd3 Kc6 53. Kc2 Kc7 54.
Kc1 Kc8 55. Kc2 Kd8 56. Kc1 Ke8 57. Kd1 Kf8 58. Ke1 Kf7 59. Kd1 Kf6 60. Ke2 Ke6
61. Kd2 Kd7 62. Kc2 e4 63. fxe4 Kc6 64. Kd2 Kb6 65. Kc2 Kb5 66. Kd3 Kc6 67. Kd2
Kb6 68. Kc2 Kb5 69. Kd3 Kc5 70. Kc3 Kd6 71. Kd2 Ke6 72. Ke2 Kf6 73. Kd2 Kg6 74.
Ke2 h5 75. gxh5+ Kxh5 76. Kf3 Kg6 77. Ke2 Kf6 78. Kd2 Ke6 79. Kc2 Kd6 80. Kd2
Kc6 81. Kc2 Kb5 82. Kd3 Kc5 83. Kc3 Kd6 84. Kd2 Ke6 85. Ke2 Ke5 86. Kd3 f3 87.
Ke3 f2 88. Kxf2 Kxe4 89. Ke2 1/2-1/2

[Event "V Festival Costa Viola A"]
[Site "Palmi ITA"]
[Date "2012.01.02"]
[Round "2"]
[White "Carbone, Stefano"]
[Black "Giuliano, Vincenzo"]
[Result "1/2-1/2"]
[WhiteElo "1985"]
[BlackElo "1891"]
[PlyCount "40"]
[EventDate "2012.01.02"]

1. c4 e5 2. g3 Nf6 3. Bg2 g6 4. Nc3 Bg7 5. Nf3 d6 6. d4 Nbd7 7. O-O exd4 8.
Nxd4 O-O 9. e4 Re8 10. Re1 Ne5 11. b3 Nfd7 12. Bb2 Nc5 13. Bf1 Ned3 14. Bxd3
Bxd4 15. Na4 Qf6 16. Bxd4 Qxd4 17. Nxc5 Qxc5 18. Bf1 Bd7 19. Bg2 Re7 20. Qd2
Bc6 1/2-1/2

[Event "V Festival Costa Viola A"]
[Site "Palmi ITA"]
[Date "2012.01.02"]
[Round "2"]
[White "Cordi', Domenico"]
[Black "Cangiano, Federico"]
[Result "1-0"]
[WhiteElo "2059"]
[BlackElo "1963"]
[PlyCount "57"]
[EventDate "2012.01.02"]

1. d4 d5 2. c4 c6 3. Nc3 Nf6 4. Nf3 a6 5. e3 Bg4 6. Qb3 b5 7. cxd5 cxd5 8. Ne5
Bf5 9. a4 bxa4 10. Qb7 Nbd7 11. Rxa4 Nxe5 12. dxe5 Nd7 13. Bxa6 Rb8 14. Qxd5 e6
15. Qd1 Bb4 16. O-O Nxe5 17. Bb5+ Rxb5 18. Qxd8+ Kxd8 19. Nxb5 Bf8 20. Rd1+ Ke7
21. e4 Bg6 22. Bg5+ f6 23. Ra7+ Ke8 24. Be3 Bxe4 25. Nd6+ Bxd6 26. Rxd6 h6 27.
Bb6 Nc6 28. Rxe6+ Kf8 29. Rxe4 1-0

[Event "V Festival Costa Viola A"]
[Site "Palmi ITA"]
[Date "2012.01.02"]
[Round "2"]
[White "Familari, Giuseppe"]
[Black "Pierandrei, Danilo"]
[Result "1/2-1/2"]
[WhiteElo "1967"]
[BlackElo "1888"]
[PlyCount "107"]
[EventDate "2012.01.02"]

1. e4 e5 2. Nf3 Nf6 3. Nxe5 d6 4. Nf3 Nxe4 5. Nc3 Nxc3 6. dxc3 Be7 7. Be3 Nc6
8. Qd2 a6 9. Bd3 Bg4 10. Nd4 Ne5 11. f3 Nxd3+ 12. Qxd3 Be6 13. Nxe6 fxe6 14.
Qe4 Qc8 15. O-O-O d5 16. Qg4 Bf6 17. Bg5 Bxg5+ 18. Qxg5 O-O 19. h4 Qd8 20. Qg4
Rf5 21. Rhe1 Qf6 22. Kb1 c6 23. Qb4 Qf7 24. Qd6 Re8 25. a3 Qe7 26. Qg3 Qf6 27.
Rd4 Qf7 28. Rg4 Kh8 29. Rh1 g6 30. c4 Rf8 31. cxd5 exd5 32. h5 gxh5 33. Rgh4
Rg8 34. Qh3 Rg7 35. Kc1 Rfg5 36. Kb1 Rxg2 37. Rxh5 Rg1+ 38. Rxg1 Rxg1+ 39. Ka2
Rg8 40. Qh2 Re8 41. f4 Qe7 42. f5 Rf8 43. Qg3 Qf7 44. Qh3 Qe7 45. Qc3+ Qf6 46.
Qh3 Qg7 47. Qh2 Qe7 48. Qh3 Rf7 49. Qc3+ Qf6 50. Qg3 Rf8 51. Qc7 Qf7 52. Qe5+
Qf6 53. Qh2 Qe7 54. Qh3 1/2-1/2

[Event "V Festival Costa Viola A"]
[Site "Palmi ITA"]
[Date "2012.01.02"]
[Round "2"]
[White "Lazic, Miroljub"]
[Black "Damia, Angelo"]
[Result "1/2-1/2"]
[WhiteElo "2470"]
[BlackElo "2303"]
[PlyCount "95"]
[EventDate "2012.01.02"]

1. g3 Nf6 2. Bg2 d5 3. Nf3 Bg4 4. d3 Bxf3 5. Bxf3 c6 6. Nd2 Nbd7 7. Bg2 g6 8.
e4 Bg7 9. Qe2 e6 10. O-O h5 11. Nf3 dxe4 12. dxe4 Qc7 13. Rd1 O-O 14. Bd2 Rfd8
15. Bc3 Ng4 16. Bxg7 Kxg7 17. h3 Nh6 18. Rd2 e5 19. Rad1 f6 20. Qe3 Nb6 21. b3
Rxd2 22. Qxd2 Nf7 23. Qa5 a6 24. a4 Rd8 25. Rxd8 Nxd8 26. h4 Nd5 27. Qd2 Ne7
28. Bh3 Nf7 29. Kf1 Qd6 30. Ke2 Kf8 31. Qxd6 Nxd6 32. Nd2 g5 33. hxg5 fxg5 34.
Bd7 Kf7 35. a5 Ng8 36. Kd3 Ke7 37. Bh3 Nh6 38. Nf1 Nhf7 39. Ne3 g4 40. Bg2 Ng5
41. Nf1 Nb5 42. Nd2 Nh3 43. f3 Nd4 44. c3 Nf2+ 45. Ke3 Nd1+ 46. Kd3 Nf2+ 47.
Ke3 Nd1+ 48. Kd3 1/2-1/2

[Event "V Festival Costa Viola A"]
[Site "Palmi ITA"]
[Date "2012.01.02"]
[Round "2"]
[White "Marzaduri, Marco R."]
[Black "Carlomagno, Vincenzo"]
[Result "1-0"]
[WhiteElo "1848"]
[BlackElo "1970"]
[PlyCount "63"]
[EventDate "2012.01.02"]

1. e4 c5 2. d4 cxd4 3. Nf3 Nc6 4. Nxd4 Nf6 5. Nc3 d6 6. Be2 g6 7. Be3 Bg7 8. f3
O-O 9. Qd2 Bd7 10. g4 Qa5 11. Nb3 Qd8 12. Bh6 Ne5 13. h4 Rc8 14. h5 Bh8 15.
Bxf8 Qxf8 16. hxg6 hxg6 17. O-O-O Bg7 18. g5 Nh5 19. f4 Nc4 20. Bxc4 Rxc4 21.
Qd3 Rc8 22. f5 Be5 23. fxg6 fxg6 24. Qd5+ e6 25. Qxb7 Bc6 26. Qxa7 Qf4+ 27. Kb1
Bxe4 28. Nxe4 Qxe4 29. Qf2 Bg3 30. Qd2 Nf4 31. Rhg1 Ne2 32. Rge1 1-0

[Event "V Festival Costa Viola A"]
[Site "Palmi ITA"]
[Date "2012.01.02"]
[Round "2"]
[White "Petkov, Vladimir"]
[Black "Caprio, Guido"]
[Result "0-1"]
[WhiteElo "2519"]
[BlackElo "2353"]
[PlyCount "110"]
[EventDate "2012.01.02"]

1. d4 e6 2. Nf3 c5 3. c4 cxd4 4. Nxd4 Nf6 5. Nc3 Bb4 6. Ndb5 O-O 7. a3 Bxc3+ 8.
Nxc3 d5 9. e3 Nc6 10. Be2 dxc4 11. Bxc4 Qxd1+ 12. Nxd1 Rd8 13. O-O Bd7 14. Nc3
Rac8 15. Rd1 Na5 16. Ba2 Ba4 17. Rxd8+ Rxd8 18. f3 Bb3 19. e4 Bxa2 20. Rxa2 Nb3
21. Be3 a6 22. a4 Nd7 23. a5 Ne5 24. Ra3 Nd4 25. Ra4 Nc2 26. Bf4 Nd3 27. Bg3
Rc8 28. Nd1 Ncb4 29. Kf1 Rc2 30. Be1 Nc6 31. Bc3 h5 32. Ra1 h4 33. Ne3 Rf2+ 34.
Kg1 Re2 35. Nc4 Nf4 36. Bd2 Nd3 37. Rd1 h3 38. gxh3 Nd4 39. Be3 Nxf3+ 40. Kf1
Rc2 41. Rxd3 Nxh2+ 42. Ke1 Nf3+ 43. Kd1 Rxc4 44. Rd8+ Kh7 45. Rd7 Rxe4 46. Bb6
f5 47. Rxb7 Rb4 48. Kc2 Rc4+ 49. Kd3 Ne5+ 50. Ke3 Rc6 51. b4 Rc4 52. b5 axb5
53. a6 Ra4 54. a7 Nc4+ 55. Kf4 Nd6+ 0-1

[Event "V Festival Costa Viola A"]
[Site "Palmi ITA"]
[Date "2012.01.02"]
[Round "2"]
[White "Pinton, Maurizio"]
[Black "Blasco, Domenico"]
[Result "0-1"]
[WhiteElo "2008"]
[BlackElo "1938"]
[PlyCount "102"]
[EventDate "2012.01.02"]

1. f4 g6 2. Nf3 Bg7 3. e3 d6 4. Be2 Nf6 5. O-O O-O 6. d3 c6 7. Nc3 Qc7 8. Qe1
a5 9. Qh4 Na6 10. e4 Nc5 11. h3 b5 12. g4 b4 13. Nd1 a4 14. f5 a3 15. Bh6 axb2
16. Nxb2 Ncd7 17. fxg6 hxg6 18. Ng5 d5 19. Nd1 Qe5 20. Nf2 Bb7 21. Nf3 Qc3 22.
Bd2 Qxc2 23. Rfc1 Qa4 24. e5 Nh7 25. Qxe7 Nxe5 26. Nxe5 Bxe5 27. Rab1 Ba6 28.
Bd1 Qxa2 29. Bh6 Bf6 30. Qc5 Rfe8 31. Rxb4 Be7 32. Qc3 Bf6 33. d4 Be2 34. Rb2
Qa6 35. Bc2 Bg5 36. Bxg5 Nxg5 37. Rcb1 Bb5 38. h4 Ne4 39. Bxe4 dxe4 40. g5 Qc8
41. Qg3 Qd7 42. Ng4 Qxd4+ 43. Rf2 Re7 44. Nf6+ Kg7 45. h5 gxh5 46. Nxh5+ Kg8
47. Qf4 Qe5 48. Nf6+ Kg7 49. Qg4 e3 50. Rh2 Rea7 51. Rh7+ Kf8 0-1

[Event "V Festival Costa Viola A"]
[Site "Palmi ITA"]
[Date "2012.01.02"]
[Round "2"]
[White "Pomaro, Alberto"]
[Black "Epishin, Vladimir V."]
[Result "1-0"]
[WhiteElo "2369"]
[BlackElo "2561"]
[PlyCount "81"]
[EventDate "2012.01.02"]

1. e4 c5 2. Nf3 a6 3. Nc3 b5 4. d4 e6 5. d5 Bb7 6. Bf4 Nf6 7. Qe2 c4 8. O-O-O
Bb4 9. g4 O-O 10. g5 Nh5 11. Bd2 Bxc3 12. Bxc3 exd5 13. exd5 Re8 14. Qd2 a5 15.
Qd4 Na6 16. Bh3 Nb4 17. Bg4 Nxa2+ 18. Kb1 Nxc3+ 19. bxc3 Bxd5 20. Qxd5 Nf4 21.
Qd2 Qb8 22. Rhe1 Rxe1 23. Rxe1 b4 24. Kc1 bxc3 25. Qxc3 d5 26. Qe5 Qxe5 27.
Rxe5 g6 28. Nd4 a4 29. Kb2 Rb8+ 30. Ka2 c3 31. Ka3 Rb1 32. Kxa4 Rf1 33. Re3 h5
34. Bd7 Rd1 35. Ne2 Ng2 36. Rxc3 Rf1 37. Rf3 Ne1 38. Rf6 Nxc2 39. Be8 Re1 40.
Bxf7+ Kg7 41. Nf4 1-0

[Event "V Festival Costa Viola A"]
[Site "Palmi ITA"]
[Date "2012.01.02"]
[Round "2"]
[White "Quattrone, Andrea"]
[Black "Kukov, Velislav"]
[Result "0-1"]
[WhiteElo "1790"]
[BlackElo "2414"]
[PlyCount "52"]
[EventDate "2012.01.02"]

1. e4 d6 2. d4 e5 3. Nf3 exd4 4. Nxd4 Nf6 5. Nc3 Be7 6. Be2 O-O 7. h4 Re8 8.
Bg5 h6 9. Bf4 Bf8 10. Qd3 Nbd7 11. Nb3 Ne5 12. Qd2 Ng6 13. f3 Nh5 14. g3 c6 15.
O-O-O Ngxf4 16. gxf4 a5 17. a4 Be7 18. f5 Bxh4 19. Kb1 Bg5 20. Qe1 Nf4 21. Bf1
Bxf5 22. Qg3 Bg6 23. Bc4 Qc7 24. Rh2 d5 25. exd5 cxd5 26. Bxd5 Nxd5 0-1

[Event "V Festival Costa Viola A"]
[Site "Palmi ITA"]
[Date "2012.01.02"]
[Round "2"]
[White "Stella, Andrea"]
[Black "Gangemi, Salvatore"]
[Result "1-0"]
[WhiteElo "2442"]
[BlackElo "2085"]
[PlyCount "84"]
[EventDate "2012.01.02"]

1. d4 Nf6 2. Nf3 d5 3. c4 e6 4. e3 c5 5. Nc3 Nc6 6. a3 cxd4 7. exd4 dxc4 8.
Bxc4 Be7 9. O-O O-O 10. Re1 a6 11. Ba2 Qc7 12. Bg5 Ng4 13. Bxe7 Nxe7 14. Rc1
Qb8 15. Ne5 Nf6 16. Qf3 Qd6 17. Rcd1 Ned5 18. Nxd5 exd5 19. h3 Be6 20. Qe3 b6
21. Bb1 Rac8 22. Qd3 a5 23. Re3 Rc7 24. Qd2 Rfc8 25. Rde1 g6 26. R3e2 Kg7 27.
Qf4 Nh5 28. Qf3 Rc1 29. Qe3 Rxe1+ 30. Rxe1 Nf6 31. Bd3 Rc7 32. Nf3 Rc8 33. Qe5
Qxe5 34. dxe5 Nd7 35. Nd4 Nc5 36. Bb5 Rc7 37. Rc1 Na6 38. Re1 Nc5 39. f3 Bd7
40. Rd1 Ne6 41. Bxd7 Rxd7 42. Kf2 42... Rc7 {...} 1-0

[Event "V Festival Costa Viola A"]
[Site "Palmi ITA"]
[Date "2012.01.02"]
[Round "2"]
[White "Stromboli, Carlo"]
[Black "Collutiis, Duilio"]
[Result "0-1"]
[WhiteElo "2336"]
[BlackElo "2477"]
[PlyCount "114"]
[EventDate "2012.01.02"]

1. e4 e5 2. d4 exd4 3. Qxd4 Nc6 4. Qe3 Nf6 5. Nc3 Be7 6. Bd2 d5 7. exd5 Nxd5 8.
Qg3 Ncb4 9. Bd3 Nxd3+ 10. Qxd3 Nb4 11. Qxd8+ Bxd8 12. O-O-O O-O 13. a3 Na6 14.
Bf4 Nc5 15. Nge2 Ne6 16. Bg3 c6 17. Rhe1 Ba5 18. Rd3 Bb6 19. Na4 Nc5 20. Nxc5
Bxc5 21. Bd6 Bxd6 22. Rxd6 Re8 23. Rdd1 Kf8 24. Nc3 Bf5 25. f3 Rad8 26. b3
Rxd1+ 27. Rxd1 Ke7 28. Rd2 h6 29. Rd1 g5 30. g4 Be6 31. h4 gxh4 32. Rh1 h5 33.
gxh5 h3 34. Ne2 Rg8 35. Nf4 Bf5 36. Kd2 Rg3 37. h6 Rxf3 38. Nxh3 Kf6 39. Ng1
Rf1 40. h7 Bxh7 41. Rxh7 Rxg1 42. Rh8 Rg5 43. a4 Rd5+ 44. Ke3 Ke7 45. c4 Rd8
46. Rh1 Kd6 47. Rd1+ Kc7 48. Rf1 Rd7 49. a5 Kd6 50. b4 Ke5 51. Re1 f5 52. Kf3+
Kf6 53. a6 bxa6 54. Ra1 Rb7 55. Rxa6 Rb6 56. b5 Rxa6 57. bxa6 Ke5 0-1